Macroeconomía

Guardado en:
Detalles Bibliográficos
Autor principal: Mankiw, N. Gregory (autor)
Formato: Libro
Lenguaje:español
Publicado: Barcelona Antoni Bosch 2001
Edición:4a. ed
Materias:
Etiquetas: Agregar Etiqueta
Sin Etiquetas, Sea el primero en etiquetar este registro!

MARC

LEADER 00000nam a2200000 a 4500
001 UCL2304
003 CL-VaPUC
008 031017e20010000SP |||||||||||||||||spa|d
020 |a 8485855981 
082 0 4 |a 339  |b MAN  |2 21 
100 |a Mankiw, N. Gregory  |e autor  |9 861929 
245 1 0 |a Macroeconomía 
250 |a 4a. ed 
300 |a 703 p 
942 |c BK 
945 |d 20031017 00:00:00  |a cmena 
260 |a Barcelona  |b Antoni Bosch  |c 2001 
650 0 |a Macroeconomía   |9 260301 
650 0 |a Crecimiento económico   |9 314037 
650 0 |a Inflación   |9 257218 
650 0 |a Dinero  |9 314331 
650 0 |a Inversiones  |9 345867 
583 |a last modification  |c 20031017 00:00:00  |k Rodrigo Vera 
999 |c 305645  |d 305643 
952 |0 0  |1 0  |4 0  |6 339_000000000000000_MAN_2001  |7 0  |8 A  |9 369817  |a BIBENE  |b BIBENE  |d 2019-11-21  |i 3950557  |o 339 MAN 2001  |p 3950557  |r 2025-01-15  |w 2019-11-21  |y BK  |k ICO